NHL First All-Star Team Players - Statistics

General Stats
  • This quiz has been taken 1,737 times
    1,607 since last reset
  • The average score is 170 of 330
Answer Stats
Year Player % Correct
2017 | 2018 | 2019 | 2021 Connor McDavid
96%
2007 | 2013 | 2014 | 2016 Sidney Crosby
93%
Alexander Ovechkin
91%
1981 | 1982 | 1983 | +5 others Wayne Gretzky
91%
2022 Auston Matthews
84%
Cale Makar
83%
2020 Leon Draisaitl
83%
1988 | 1989 | 1993 | +2 others Mario Lemieux
80%
Patrick Kane
80%
Nikita Kucherov
77%
2008 | 2009 | 2012 Evgeni Malkin
76%
Jaromír Jágr
74%
Andrei Vasilevskiy
73%
Carey Price
73%
Martin Brodeur
72%
Bobby Orr
70%
Patrick Roy
70%
Erik Karlsson
69%
Bobby Hull
68%
Brett Hull
68%
Gordie Howe
67%
Mark Howe
67%
1990 | 1992 Mark Messier
66%
Dominik Hašek
65%
Victor Hedman
65%
Brad Marchand
64%
2001 | 2002 | 2004 Joe Sakic
63%
Mitch Marner
63%
Daniel Sedin
62%
2010 | 2011 Henrik Sedin
62%
2000 Steve Yzerman
62%
Teemu Selänne
62%
Guy Lafleur
61%
Jari Kurri
60%
1998 | 1999 | 2003 Peter Forsberg
60%
Roman Josi
60%
Connor Hellebuyck
59%
David Pastrňák
59%
Igor Shesterkin
59%
Nicklas Lidström
59%
2006 Joe Thornton
58%
Henrik Lundqvist
57%
Martin St. Louis
57%
Drew Doughty
56%
Duncan Keith
56%
Ray Bourque
56%
Zdeno Chára
56%
Corey Perry
55%
Paul Coffey
55%
1969 | 1970 | 1971 | +3 others Phil Esposito
55%
P.K. Subban
55%
Sergei Bobrovsky
55%
Tim Thomas
55%
Tuukka Rask
55%
Mike Bossy
54%
Pekka Rinne
54%
Tony Esposito
54%
Adam Fox
53%
Glenn Hall
53%
Taylor Hall
53%
Jamie Benn
52%
Jarome Iginla
52%
Artemi Panarin
51%
Brent Burns
51%
Chris Pronger
51%
Billy Smith
50%
Pavel Bure
48%
Shea Weber
48%
2015 John Tavares
47%
1977 | 1980 Marcel Dionne
47%
Scott Niedermayer
47%
1995 Eric Lindros
46%
Kevin Stevens
46%
Luc Robitaille
46%
Scott Stevens
46%
1994 Sergei Fedorov
46%
Braden Holtby
45%
1978 | 1979 Bryan Trottier
45%
Grant Fuhr
44%
Ryan Miller
44%
1975 | 1976 Bobby Clarke
42%
Denis Potvin
42%
Chris Chelios
41%
Johnny Gaudreau
41%
1967 | 1968 Stan Mikita
41%
Brian Leetch
40%
Ed Belfour
39%
Ilya Kovalchuk
39%
Paul Kariya
39%
Al MacInnis
38%
Larry Robinson
38%
Brendan Shanahan
37%
Ken Dryden
37%
Dany Heatley
36%
John Carlson
35%
Miikka Kiprusoff
34%
Mark Giordano
32%
Markus Näslund
31%
Patrik Eliáš
31%
Ron Hextall
31%
Rob Blake
29%
Ryan Suter
28%
Mike Green
27%
Olaf Kölzig
25%
Bernie Parent
24%
Brad Park
23%
John LeClair
23%
Tom Barrasso
22%
Evgeni Nabokov
21%
Chris Kunitz
20%
Jim Carey
20%
Johnny Bucyk
20%
Doug Wilson
19%
James Neal
19%
Michel Goulet
19%
Jakub Voráček
18%
Steve Shutt
18%
Tim Horton
18%
Börje Salming
17%
Todd Bertuzzi
17%
Bill Barber
16%
Dion Phaneuf
16%
Frank Mahovlich
16%
John Vanbiesbrouck
16%
Pete Peeters
16%
Rick Martin
16%
Rod Langway
16%
Clark Gillies
14%
Joe Mullen
14%
Rod Gilbert
14%
Guy Lapointe
13%
Pelle Lindburgh
13%
Sandis Ozoliņš
12%
Charlie Simmer
11%
Mike Luit
11%
Ken Hodge
10%
Randy Carlyle
10%
Ed Giacomin
9%
Gump Worsley
9%
Håkan Loob
9%
Pierre Pilote
9%
Harry Howell
7%
John Ogrodnick
7%
J.C. Tremblay
6%
Mickey Redmond
4%
Kenny Wharram
3%
No matching quizzes found
Score Distribution
Percent of People with Each Score
Percentile by Number Answered
Your Score History
You have not taken this quiz since the last reset